000
00335cam a2200157ua 4500
001
772
008
131120n II |||gr||||Z||||||asm
040
_a
MAIN
041
_a
English
082
_a
891.454 BAR
100
_a
BARUAH, DUTTA.
245
_a
LABA KUSHAR JUDDHA (Play)
300
_c
18CM.
653
_a
Asomiya Natak
942
_c
BK
999
_c
772
_d
772